000 00240 a2200109 4500
001 51135
040 _cAnchieta - Pituba
240 1 0 _aChile 1962
_l
245 1 0 _aChile 1962
650 4 _aesportes atléticos e ao ar livre e jogos
942 _cMX
999 _c51135
_d51135